Fairy Tales by Summary - Statistics

General Stats
  • This quiz has been taken 168 times
  • The average score is 10 of 15
Answer Stats
Story Summary Answer % Correct
Girl is poisoned by evil step mother, abandoned to live with dwarfs, then finds "true love" Snow White
96%
Young girl is made to work as servant by her stepmothers, but magically gets to go to the ball where she meets the prince. Cinderella
93%
Swan, born into a family of ducks, ridiculed and then discovers its beauty The Ugly Duckling
93%
Young girl takes a basket to her grandmother and encounters a wolf; saved by a woodsman Little Red Riding Hood
85%
To save her father, a girl lives with a hideous guy. She softens his heart, and he turns out to be a prince. Beauty and the Beast
84%
Abandoned siblings left to die in the forest are taken in by a witch, who they push into her oven Hansel and Gretel
81%
Girl must spin straw into gold to save her life; makes bad deal with imp to guess his name Rumpelstiltskin
80%
A cursed amphibian helps a princess find her lost, golden ball in the pond in return for her hand in marriage The Frog Prince
67%
Mayor reneges on deal with musician to rid the town of rats, and ends up losing all the town's children Pied Piper
61%
A scheming and enterprising cat helps his poor master climb the social ladder Puss in Boots
58%
Only a true princess can marry a prince, so she "sleeps on it" Princess and the Pea
56%
A tiny girl, born in a flower, is stolen by toad then meets a fairy prince who saves her from the creatures of the woods Thumbelina
56%
Girl breaks into a humble home and demonstrates her fussiness over meal temperatures and fidgeting about in other people’s beds. Goldilocks and the Three Bears
55%
A vain ruler orders a new suit of clothes made from special fabric, only to be embarrassed by a small child The Emperor's New Clothes
54%
A boy and a girl find themselves caught up in a battle of good and evil – featuring a broken mirror that distorts what it reflects. The Snow Queen
26%
No matching quizzes found
Score Distribution
Percent of People with Each Score
Percentile by Number Answered
Your Score History
You have not taken this quiz